Sports Quiz

Random Sports or Soccer Quiz

Champions League XIs: Real Madrid Quiz Stats

 Plays Quiz Updated Jun 4, 2017

Challenge
Share
Tweet
Embed
Score 0/242 Timer 20:00
33 Plays Today
% Correct
Cristiano Ronaldo
98.8%
Cristiano Ronaldo
98.7%
Cristiano Ronaldo
98.7%
Cristiano Ronaldo
98.7%
Cristiano Ronaldo
98.7%
Cristiano Ronaldo
98.7%
Cristiano Ronaldo
98.6%
Cristiano Ronaldo
98.6%
Ronaldo
98.5%
Ronaldo
98.5%
Ronaldo
98.5%
Cristiano Ronaldo
97.7%
Iker Casillas
97.3%
Iker Casillas
97.3%
Iker Casillas
97.3%
Iker Casillas
97.3%
Iker Casillas
97.3%
Iker Casillas
97.3%
Iker Casillas
97.3%
Iker Casillas
97.3%
Iker Casillas
97.3%
Iker Casillas
97.3%
Iker Casillas
97.2%
Sergio Ramos
97.1%
Iker Casillas
97%
Iker Casillas
96.8%
Iker Casillas
96.3%
Sergio Ramos
96.2%
Sergio Ramos
96%
Karim Benzema
96%
Sergio Ramos
95.9%
Sergio Ramos
95.8%
Karim Benzema
95.6%
Karim Benzema
95.4%
Sergio Ramos
95.4%
Karim Benzema
95.4%
Karim Benzema
95.3%
Sergio Ramos
95%
Sergio Ramos
94.9%
Sergio Ramos
94.9%
Sergio Ramos
94.9%
Sergio Ramos
94.9%
Sergio Ramos
94.9%
Karim Benzema
94.8%
Keylor Navas
94.5%
Marcelo
94.5%
Gareth Bale
94.4%
Gareth Bale
94.2%
Luka Modrić
94.1%
Karim Benzema
94.1%
Sergio Ramos
94%
Gareth Bale
93.9%
Marcelo
93.3%
Gareth Bale
93.3%
Luka Modrić
93%
Keylor Navas
92.1%
Luka Modrić
91.8%
Toni Kroos
91.6%
Raphaël Varane
91.4%
Toni Kroos
91.3%
Pepe
91.2%
Marcelo
91.2%
Pepe
91.1%
Marcelo
90.9%
Pepe
90.7%
Pepe
90.7%
Pepe
90.7%
Pepe
90.7%
Pepe
89.9%
Zinedine Zidane
89.8%
Zinedine Zidane
89.8%
Zinedine Zidane
89.8%
Zinedine Zidane
89.8%
Zinedine Zidane
89.8%
Raul
89.8%
Raul
89.8%
Raul
89.8%
Raul
89.8%
Raul
89.8%
Raul
89.8%
Raul
89.8%
% Correct
Raul
89.8%
Raul
89.8%
Raul
89.8%
Raul
89.8%
Raul
89.8%
Toni Kroos
89.6%
Keylor Navas
89.6%
Luka Modrić
89.2%
Raphaël Varane
89.1%
Dani Carvajal
88.5%
Isco
88.5%
Raul
88.2%
Marcelo
88%
Toni Kroos
88%
Casemiro
87.5%
Marcelo
87.3%
David Beckham
86.4%
David Beckham
86.4%
David Beckham
86.4%
David Beckham
86.4%
Dani Carvajal
86.1%
Luis Figo
85%
Luis Figo
85%
Luis Figo
85%
Luis Figo
85%
Luis Figo
85%
Raphaël Varane
84.5%
Casemiro
83.7%
Roberto Carlos
83.4%
Roberto Carlos
83.4%
Roberto Carlos
83.4%
Roberto Carlos
83.4%
Roberto Carlos
83.4%
Roberto Carlos
83.4%
Roberto Carlos
83.4%
Roberto Carlos
83.4%
Roberto Carlos
83.4%
Dani Carvajal
83.4%
Roberto Carlos
81.8%
Xabi Alonso
80.6%
Xabi Alonso
80.3%
Xabi Alonso
79.9%
Xabi Alonso
79.5%
Raphael Varane
79.4%
Daniel Carvajal
79.1%
Isco
78.7%
Xabi Alonso
77.8%
Isco
77.3%
Casemiro
77%
Ángel Di María
76.8%
Ángel Di María
76.5%
Ángel Di María
76.3%
Mesut Ozil
75.9%
Mesut Ozil
75.8%
Ángel Di María
75%
Alvaro Arbeloa
74.5%
Mesut Ozil
74.4%
Alvaro Arbeloa
74.4%
Alvaro Arbeloa
73.7%
Fernando Hierro
72.9%
Fernando Hierro
72.9%
Fernando Hierro
72.9%
Fernando Hierro
72.9%
Fernando Hierro
72.9%
Alvaro Arbeloa
72.3%
Gonzalo Higuain
72%
Gonzalo Higuain
72%
Fernando Hierro
71.5%
James Rodríguez
71.1%
Guti
70.9%
Guti
70.9%
Guti
70.9%
Guti
70.9%
Guti
70.9%
Guti
70.9%
Guti
70.9%
Sami Khedira
70.7%
Sami Khedira
70.3%
Sami Khedira
69.9%
Diego Lopez
69.2%
Fábio Coentrão
69%
% Correct
Fábio Coentrão
68.3%
Fernando Morientes
66%
Michel Salgado
64.9%
Michel Salgado
64.9%
Michel Salgado
64.9%
Michel Salgado
64.9%
Michel Salgado
64.9%
Michel Salgado
64.9%
Michel Salgado
64.9%
Fernando Morientes
64.7%
Ruud Van Nistelrooy
64.4%
Ruud Van Nistelrooy
64.4%
Claude Makelele
62.4%
Claude Makelele
62.4%
Claude Makelele
62.4%
Kaka
62.3%
Arjen Robben
61.7%
Steve Mcmanaman
58.7%
Steve Mcmanaman
58.7%
Ivan Helguera
58.6%
Ivan Helguera
58.6%
Ivan Helguera
58.6%
Ivan Helguera
58.6%
Ivan Helguera
58.6%
Ivan Helguera
58.6%
Ivan Helguera
58.6%
Ivan Helguera
58.6%
Fabio Cannavaro
58.2%
Fabio Cannavaro
58.2%
Fabio Cannavaro
58.2%
Wesley Sneijder
57.6%
Lassana Diarra
53.9%
Mahamadou Diarra
53.8%
Mahamadou Diarra
53.8%
Robinho
52.8%
Robinho
52.8%
Ricardo Carvalho
50.9%
Cesar Sanchez
50.3%
Rafael Van der Vaart
49.6%
Clarence Seedorf
47.7%
Clarence Seedorf
47%
Raul Albiol
46.4%
Fernando Redondo
45.4%
Fernando Redondo
45.4%
Fernando Redondo
45.4%
Fernando Redondo
44.5%
Francisco Buyo
41.8%
Predrag Mijatovic
40.9%
Predrag Mijatovic
40.1%
Thomas Gravesen
39.9%
Fernando Gago
39.7%
Fernando Gago
39.7%
Bodo Illgner
38.9%
Santiago Canizares
37.8%
Quique Flores
37.7%
Ivan Campo
37.5%
Davor Suker
37.3%
Santiago Solari
36.6%
Savio
36.1%
Savio
36.1%
Gabriel Heinze
36%
Gabriel Heinze
36%
Francisco Pavon
33.5%
Aitor Karanka
33.2%
Aitor Karanka
33.2%
Manolo Sanchis
32.8%
Manolo Sanchis
32.8%
Luis Enrique
32.8%
Esteban Cambiasso
32.6%
Manolo Sanchis
32.3%
Michael Laudrup
32.1%
Walter Samuel
31.6%
Raul Bravo
30.6%
Christian Panucci
29.7%
Christian Panucci
29.3%
Emerson
29.2%
Ivan Zamorano
27.6%
Jose Amavisca
18.4%
Chendo
16.6%
Robert Jarni
16.3%

You're not logged in!

Compare scores with friends on all Sporcle quizzes.
Join for Free
OR
Log In

You Might Also Like...

Show Comments

Extras

Top Quizzes Today


Score Distribution

Your Account Isn't Verified!

In order to create a playlist on Sporcle, you need to verify the email address you used during registration. Go to your Sporcle Settings to finish the process.

Report this User

Report this user for behavior that violates our Community Guidelines.

Details: